Responses for Show #3798 - Wednesday, February 21, 2001

Contestants

[<< previous game]

John Drymiller, a high school teacher from New Haven, Connecticut

Scott Pritchett, a radio sales manager from Hollywood, Florida

Mary Beth Jones, an attorney from Bowie, Maryland (whose 1-day cash winnings total $7,000)

[next game >>]

Jeopardy! Round responses

COMPOSERS & THEIR WORKS
MEN ON FILM
(Alex: Name each actor.)
COUNTIES
"BACK" WORDS
BLACKJACK
PERSHING
    $100 11
the Duke of Wellington

John
    $100 1
Jim Carrey

Scott
    $100 16
Jefferson Davis

John
    $100 6
a flashback

Mary Beth
    $100 21
21

Scott
    $100 26
American Expeditionary Force

Mary Beth
    $200 12
George Gershwin

John
    $200 2
Harrison Ford

John
    $200 17
Everglades

Mary Beth
    $200 7
diamondback rattlesnake

Mary Beth
    $200 22
ace

Scott
    $200 27
(John: Who is Grant?)

George Washington

Mary BethJohn
    $300 13
J.S. Bach

Mary Beth
    $300 3
Jeff & Beau Bridges

Mary Beth
    $300 18
Grafton

John
    $300 8
backstop

Mary Beth
    $300 23
"Hit me!"

Scott
    $300 28
a cavalry unit

Mary Beth
    $400 14
Leonard Bernstein

John
    $400 4
Robert Redford

Scott
    $400 19
Los Alamos

Mary Beth
    $400 9
"Back In The U.S.S.R."

Mary Beth
    $400 24
(Mary Beth: What is 16?)

17

Mary BethJohn
    $400 29
Walter Reed Army Medical Center

Mary Beth
    $500 15
Electra

John
    $500 5
Adam Sandler

Mary Beth
    $500 20
San Bernardino

Mary Beth
    $500 10
a backlot

John
    $500 25
(Mary Beth: What is The Joker's Wild?)

Gambit

Mary Beth
Triple Stumper
    $500 30
Chile

Triple Stumper

Scores at the first commercial break (after clue 15):

Mary Beth Scott John
$2,100 $500 $1,900

Scores at the end of the Jeopardy! Round:

Mary Beth Scott John
$3,300 $1,100 $2,500

Double Jeopardy! Round responses

MAMMALS
SINGLE-NAMED CELEBRITIES
THE NEW YORK TIMES BESTSELLERS
ORGANIZED LABOR
NATIONAL ANTHEMS
(Alex: You identify the country.)
IT'S UP TO "U"
(Alex: Each correct response will end with the letter "U".)
    $200 6
Yak

John
    $200 1
Madonna

Scott
    $200 11
Tom Clancy

Mary Beth
    $200 26
South Korea

Scott
    $200 21
France

Mary Beth
    $200 16
Subaru

Scott
    $400 7
(M: What is a sloth?)

Duck-billed platypus

Mary BethScott
    $400 2
Yanni

Scott
    $400 12
Barbara Bush

Mary Beth
    $400 27
Janitors

Mary Beth
    $400 22
Monaco

Mary Beth
    $400 17
Xanadu

John
    $600 8
Liger

John
    $600 3
Pele

Scott
    $600 13
"The Love Machine" or "Once is Not Enough"

Mary Beth
    $600 28
(J: What are airline mechanics?)

Machinists

Mary BethJohn
    $600 23
China (mainland)

John
    $600 18
(S: What is an emu?)
(M: What is a gnu?)

Caribou

Mary BethScott
Triple Stumper
    $800 9
Bactrian

John
    $800 4
Charo

Scott
    $800 14
Herman Tarnower

Mary Beth
    $800 29
Engineers

Scott
    $800 24
(J: What is Hong Kong?)

Denmark

John
Triple Stumper
    $3,000 19
Juneau, Alaska

John
    $1000 10
Marmoset

Triple Stumper
    $1000 5
Kreskin

Scott
    $900 15
"Ship of Fools"

Mary Beth
    $1000 30
(Alex: Scott, back to you...we'll, that's it! My gosh, that went by very quickly!)

John J. Sweeney

Triple Stumper
    $1000 25
Poland

John
    $1000 20
Portmanteau

John

Scores at the end of the Double Jeopardy! Round:

Mary Beth Scott John
$6,800 $5,100 $8,700

[wagering suggestions for these scores]

Final Jeopardy! Round responses

PEOPLE
ScottWho is Chagall?
$5,099
Mary BethWho is Prince Charles?
$6,799
JohnWho is Prince Charles
$5,000
Prince Charles

Final scores:

Mary Beth Scott John
$13,599 $1 $13,700
2nd place: Trip to London courtesy of Priceline.com 3rd place: Natural Wonders Gift Certificate New champion: $13,700

Game dynamics:

Coryat scores:

Mary Beth Scott John
$6,900 $5,100 $6,500
23 R
(including 2 DDs),
4 W
14 R,
1 W
17 R
(including 1 DD),
3 W

Combined Coryat: $18,500

[game] [game scores] [suggest correction]

Game tape date: 2000-11-15
The J! Archive is created by fans, for fans. Scraping, republication, monetization, and malicious use prohibited; this site may use cookies and collect identifying information. See terms. The Jeopardy! game show and all elements thereof, including but not limited to copyright and trademark thereto, are the property of Jeopardy Productions, Inc. and are protected under law. This website is not affiliated with, sponsored by, or operated by Jeopardy Productions, Inc. Join the discussion at JBoard.tv.